[Event "British Columbia-ch U20"]
[Site "Richmond CAN"]
[Date "2019.11.10"]
[Round "3.6"]
[White "Shinn, Jungmin"]
[Black "Luu, Tran Nguyen Khoi"]
[Result "1-0"]
[WhiteElo "1978"]
[BlackElo "1627"]
[PlyCount "111"]
[EventDate "2019.11.09"]
[EventType "swiss"]
[EventRounds "5"]
[EventCountry "CAN"]

1. e4 e5 2. Nf3 Nc6 3. Bb5 a6 4. Ba4 Nf6 5. O-O Nxe4 6. d4 b5 7. Bb3 d5 8. dxe5
Be6 9. Nbd2 Nc5 10. Qe2 Be7 11. Rd1 O-O 12. Nf1 Na5 13. Ne3 c6 14. Bd2 f5 15.
Nd4 Bd7 16. Nxd5 Naxb3 17. Nxe7+ Qxe7 18. axb3 Ne6 19. Nf3 c5 20. c3 Bc6 21.
Ne1 f4 22. f3 Qh4 23. Qf2 Qh5 24. Nd3 Rf5 25. Nxc5 Nxc5 26. Qxc5 Bxf3 27. Bxf4
Raf8 28. Bg3 Bxd1 29. Qd5+ Qf7 30. Qxd1 Qe6 31. b4 Qc4 32. Qe1 Qe6 33. Rd1 h5
34. h4 R5f7 35. Qe2 Rf5 36. Qd2 Qg6 37. Kh2 Rf1 38. Qd5+ Kh8 39. Rxf1 Rxf1 40.
e6 Rf8 41. Qc6 Re8 42. Qxa6 Rxe6 43. Qxb5 Qg4 44. Qd3 Kg8 45. b3 Rf6 46. b5 g5
47. Qd5+ Kf8 48. Qxg5 Qxg5 49. hxg5 Rg6 50. Bc7 Ke7 51. Bf4 Ke6 52. b6 Rg7 53.
c4 Rb7 54. Bc7 Kd7 55. Kh3 Kc6 56. Kh4 1-0

[Event "British Columbia-ch U20"]
[Site "Richmond CAN"]
[Date "2019.11.10"]
[Round "3.7"]
[White "He, Matthew"]
[Black "Wang, Jerry"]
[Result "0-1"]
[WhiteElo "1850"]
[BlackElo "1693"]
[PlyCount "78"]
[EventDate "2019.11.09"]
[EventType "swiss"]
[EventRounds "5"]
[EventCountry "CAN"]

1. d4 Nf6 2. Nf3 d5 3. c4 c6 4. cxd5 cxd5 5. Bf4 Nc6 6. Nc3 Bf5 7. Qb3 Na5 8.
Qa4+ Bd7 9. Qc2 e6 10. a3 Rc8 11. e3 Ne4 12. Bd3 Nxc3 13. bxc3 Nc4 14. O-O Qa5
15. Bxc4 Rxc4 16. Rfc1 f6 17. Qb3 b6 18. Ra2 Be7 19. Nd2 Rc8 20. c4 Kf7 21.
Rac2 Ba4 22. Qa2 Bxc2 23. Rxc2 dxc4 24. g4 b5 25. Nf3 Qxa3 26. Qxa3 Bxa3 27.
Ra2 b4 28. Ne1 c3 29. Nc2 Rhd8 30. Kf1 e5 31. dxe5 Rd2 32. e4 Rxc2 33. Rxc2 b3
34. Bc1 Bxc1 35. Rxc1 b2 36. Rd1 c2 37. Rd7+ Ke6 38. Rd6+ Kxe5 39. Rd5+ Kxe4
0-1

[Event "British Columbia-ch U20"]
[Site "Richmond CAN"]
[Date "2019.11.10"]
[Round "3.8"]
[White "Jeong, Edward"]
[Black "Gu, Chuyang"]
[Result "0-1"]
[WhiteElo "1420"]
[BlackElo "1795"]
[PlyCount "86"]
[EventDate "2019.11.09"]
[EventType "swiss"]
[EventRounds "5"]
[EventCountry "CAN"]

1. e4 c5 2. Nc3 Nc6 3. g3 Nf6 4. Bg2 g6 5. d3 Bg7 6. Nge2 d6 7. O-O a6 8. a4
O-O 9. Bg5 h6 10. Bxf6 Bxf6 11. Qd2 Kh7 12. Kh1 Nd4 13. f4 e6 14. Nd1 Rb8 15.
Nxd4 cxd4 16. c3 Bd7 17. Nf2 Qa5 18. Ng4 Bg7 19. e5 Rfc8 20. Rfc1 Bc6 21. Qe1
Qb6 22. Qf2 h5 23. Nf6+ Bxf6 24. exf6 Bxg2+ 25. Kxg2 Rc6 26. cxd4 Rbc8 27. Rxc6
Qxc6+ 28. Kg1 Qd5 29. Qe3 Qb3 30. d5 Qxd5 31. Ra3 Rc2 32. Qe4 Qc5+ 33. d4 Qc4
34. Rc3 Rxc3 35. bxc3 Qxc3 36. Qxb7 Qxd4+ 37. Kg2 Qxf6 38. Qxa6 d5 39. a5 Qb2+
40. Kh3 d4 41. Qb6 Qc2 42. Qxd4 Qf5+ 43. Kh4 Qg4# 0-1

[Event "British Columbia-ch U20"]
[Site "Richmond CAN"]
[Date "2019.11.10"]
[Round "3.9"]
[White "Yang, Jingyun (Ryan)"]
[Black "Imoo, Joshua"]
[Result "1/2-1/2"]
[WhiteElo "1793"]
[BlackElo "1517"]
[PlyCount "95"]
[EventDate "2019.11.09"]
[EventType "swiss"]
[EventRounds "5"]
[EventCountry "CAN"]

1. e4 e5 2. Nf3 Nf6 3. Nxe5 d6 4. Nf3 Nxe4 5. d3 Nf6 6. d4 d5 7. Bd3 Be7 8.
Nbd2 O-O 9. O-O c5 10. c3 Nc6 11. dxc5 Bxc5 12. Nb3 Bb6 13. h3 h6 14. Nbd4 Ne4
15. Nxc6 bxc6 16. Nd4 Qf6 17. Be3 c5 18. Ne2 Bb7 19. Qc2 Rfd8 20. Rad1 Rac8 21.
Nf4 Bc7 22. Ne2 Bb8 23. Bxe4 dxe4 24. Qb3 Ba6 25. c4 Qe6 26. Rxd8+ Rxd8 27. Rc1
Bxc4 28. Qc2 Bxa2 29. Qxc5 Qb3 30. Nc3 Qxb2 31. Qa5 Rd3 32. Qxa2 Qxc3 33. Qb1
Qb3 34. Qa1 f6 35. Rb1 Be5 36. Rxb3 Bxa1 37. Rb8+ Kh7 38. Ra8 Be5 39. g3 Rd1+
40. Kg2 Ra1 41. Rxa7 Rxa7 42. Bxa7 Bd6 43. f3 exf3+ 44. Kxf3 f5 45. g4 f4 46.
h4 Kg6 47. h5+ Kf7 48. Bd4 1/2-1/2

[Event "British Columbia-ch U20"]
[Site "Richmond CAN"]
[Date "2019.11.10"]
[Round "3.10"]
[White "Zhang, Andy"]
[Black "Han, Aaron"]
[Result "1-0"]
[WhiteElo "1755"]
[BlackElo "1344"]
[PlyCount "123"]
[EventDate "2019.11.09"]
[EventType "swiss"]
[EventRounds "5"]
[EventCountry "CAN"]

1. Nf3 Nf6 2. g3 e6 3. Bg2 d5 4. d4 c5 5. c4 Nc6 6. cxd5 exd5 7. Nc3 cxd4 8.
Nxd4 Be7 9. O-O O-O 10. Be3 a6 11. Rc1 Be6 12. Qd2 Qd7 13. Rfd1 Rfd8 14. Nxc6
bxc6 15. Na4 Rab8 16. Qc2 Qe8 17. b3 Rdc8 18. Nb6 Rd8 19. Qxc6 Rd6 20. Qxe8+
Rxe8 21. Bc5 Rdd8 22. Bxe7 Rxe7 23. Bxd5 Bxd5 24. Nxd5 Red7 25. Nxf6+ gxf6 26.
Rxd7 Rxd7 27. Rc6 Rd2 28. Rxa6 Rxe2 29. a4 Rb2 30. Ra8+ Kg7 31. Rb8 Rb1+ 32.
Kg2 Ra1 33. Kf3 Kg6 34. Rb5 Rc1 35. Ke4 Rf1 36. Ke3 Re1+ 37. Kd2 Rh1 38. h4 Rf1
39. Ke2 Rc1 40. a5 Rc2+ 41. Ke1 Rc1+ 42. Kd2 Rf1 43. Ke2 Rb1 44. b4 Rb2+ 45.
Kf3 Rb3+ 46. Kf4 Rb2 47. f3 Rc2 48. a6 Rc4+ 49. Ke3 Rc3+ 50. Kd4 Rxf3 51. a7
Ra3 52. Ra5 Rxg3 53. a8=Q Rg4+ 54. Ke3 Rxb4 55. h5+ Kg7 56. Qg2+ Kf8 57. Ra8+
Ke7 58. Ra7+ Kd6 59. Qd2+ Ke6 60. Qxb4 h6 61. Re7+ Kf5 62. Qf4# 1-0

[Event "British Columbia-ch U20"]
[Site "Richmond CAN"]
[Date "2019.11.11"]
[Round "4.1"]
[White "Doknjas, Neil"]
[Black "Wang, Alex Jiale"]
[Result "1-0"]
[WhiteElo "2219"]
[BlackElo "1756"]
[PlyCount "85"]
[EventDate "2019.11.09"]
[EventType "swiss"]
[EventRounds "5"]
[EventCountry "CAN"]

1. e4 c5 2. Nf3 d6 3. d4 cxd4 4. Nxd4 Nf6 5. Nc3 a6 6. f3 e6 7. Be3 b5 8. Qd2
Be7 9. g4 Bb7 10. O-O-O Nc6 11. g5 Nd7 12. h4 Rc8 13. Bh3 Nxd4 14. Qxd4 O-O 15.
f4 Rc4 16. Qd3 Qc7 17. Bf1 Nc5 18. Bxc5 Rxc5 19. h5 Rc8 20. g6 f5 21. h6 hxg6
22. hxg7 Bxe4 23. Rh8+ Kxg7 24. Rxc8 Qxc8 25. Nxe4 fxe4 26. Qxe4 d5 27. Qg2 Qf8
28. Bd3 Qxf4+ 29. Kb1 Qg5 30. Qf2 Qf6 31. Qg3 e5 32. Rf1 Qd6 33. Qf2 Bf6 34.
Bxg6 Kxg6 35. Qf5+ Kf7 36. Rh1 Ke8 37. Rh7 Be7 38. Rh8+ Bf8 39. Qh5+ Kd8 40.
Qf7 Qe7 41. Rxf8+ Kd7 42. Qf5+ Qe6 43. Rf7+ 1-0

[Event "British Columbia-ch U20"]
[Site "Richmond CAN"]
[Date "2019.11.11"]
[Round "4.2"]
[White "Mok, Gillian"]
[Black "Zheng, Victor"]
[Result "0-1"]
[WhiteElo "1605"]
[BlackElo "1942"]
[PlyCount "138"]
[EventDate "2019.11.09"]
[EventType "swiss"]
[EventRounds "5"]
[EventCountry "CAN"]

1. e4 c5 2. Nf3 d6 3. d4 cxd4 4. Nxd4 Nf6 5. Nc3 a6 6. Be2 e5 7. Nb3 Be6 8. O-O
Be7 9. Be3 Nbd7 10. Nd2 d5 11. exd5 Nxd5 12. Nxd5 Bxd5 13. Nc4 Be4 14. c3 Qc7
15. f4 Rd8 16. fxe5 Nxe5 17. Qb3 Bd5 18. Bb6 Bc5+ 19. Kh1 Qc6 20. Bxc5 Qxc5 21.
Rae1 O-O 22. Rf5 Nxc4 23. Rxd5 Qxd5 24. Bxc4 Qd2 25. Rf1 Rd7 26. Qb6 Qd6 27.
Qe3 b5 28. Bb3 Re7 29. Qf3 Qe5 30. h3 g6 31. Rd1 Kg7 32. h4 Qe4 33. Qg3 h5 34.
Qg5 Re5 35. Qg3 Qe3 36. Qxe3 Rxe3 37. Rd2 Rfe8 38. Rf2 R8e7 39. Rf4 R3e4 40.
Rxe4 Rxe4 41. g3 Re2 42. c4 Rxb2 43. cxb5 axb5 44. Bd5 f6 45. Bc6 b4 46. Bd5 g5
47. hxg5 fxg5 48. Kg1 Kf6 49. Kf1 g4 50. Bc4 Kg5 51. Be6 h4 52. gxh4+ Kxh4 53.
Bb3 Rxb3 54. axb3 Kh3 55. Kg1 Kg3 56. Kh1 Kf2 57. Kh2 g3+ 58. Kh3 g2 59. Kg4
g1=Q+ 60. Kf4 Qg3+ 61. Ke4 Qxb3 62. Kd4 Qa3 63. Kc5 b3+ 64. Kb6 b2 65. Kc6 b1=Q
66. Kd5 Qbb4 67. Ke5 Qaa5+ 68. Kf6 Qbb6+ 69. Kg7 Qaa7+ 0-1

[Event "British Columbia-ch U20"]
[Site "Richmond CAN"]
[Date "2019.11.11"]
[Round "4.3"]
[White "Taylor, Ashton"]
[Black "Zhang, Andy"]
[Result "0-1"]
[WhiteElo "1822"]
[BlackElo "1755"]
[PlyCount "76"]
[EventDate "2019.11.09"]
[EventType "swiss"]
[EventRounds "5"]
[EventCountry "CAN"]

1. d4 Nf6 2. Nf3 g6 3. Nc3 Bg7 4. e4 d6 5. Bc4 O-O 6. O-O Nbd7 7. h3 c5 8. e5
dxe5 9. dxe5 Ne8 10. e6 fxe6 11. Bxe6+ Kh8 12. Ng5 Nd6 13. Nce4 Nxe4 14. Nxe4
Qc7 15. Ng5 Nf6 16. Bxc8 Qxc8 17. Qe2 Qc6 18. Ne6 Rfe8 19. Nxg7 Kxg7 20. Bd2
Rad8 21. Bc3 Kg8 22. Rad1 Ne4 23. Qc4+ e6 24. Rxd8 Rxd8 25. Re1 Nxc3 26. Rxe6
Qd5 27. Qh4 Nb5 28. Re7 h5 29. c4 Qd1+ 30. Kh2 Qd6+ 31. g3 Nd4 32. Qe4 Rf8 33.
f4 Nf5 34. Qxb7 Qxe7 35. Qd5+ Kg7 36. g4 Qe2+ 37. Kg1 Qe1+ 38. Kh2 Qf2+ 0-1

[Event "British Columbia-ch U20"]
[Site "Richmond CAN"]
[Date "2019.11.11"]
[Round "4.4"]
[White "Gu, Chuyang"]
[Black "Shinn, Jungmin"]
[Result "0-1"]
[WhiteElo "1795"]
[BlackElo "1978"]
[PlyCount "100"]
[EventDate "2019.11.09"]
[EventType "swiss"]
[EventRounds "5"]
[EventCountry "CAN"]

1. e4 e6 2. d4 d5 3. Bd3 dxe4 4. Bxe4 Nf6 5. Bf3 Nbd7 6. Ne2 e5 7. Nbc3 Bd6 8.
O-O O-O 9. Ng3 exd4 10. Nb5 Bxg3 11. fxg3 c5 12. Bf4 Ne8 13. Qd2 Ndf6 14. c3
Qb6 15. Na3 Be6 16. Be5 Rd8 17. cxd4 cxd4 18. Rfd1 d3+ 19. Kh1 Ng4 20. Bxg4
Bxg4 21. Rdc1 f6 22. Bf4 Be2 23. Be3 Qa6 24. Qb4 Rf7 25. Rc5 b6 26. Rc6 Qb7 27.
Rac1 Qe7 28. Qxe7 Rxe7 29. Bd2 Nd6 30. Bb4 Red7 31. Nb1 Ne4 32. Nd2 Nf2+ 33.
Kg1 Nd1 34. b3 a5 35. Ba3 b5 36. Bc5 Ra8 37. a3 Rb7 38. b4 axb4 39. Bxb4 Ne3
40. Rc8+ Rxc8 41. Rxc8+ Kf7 42. Kf2 Nc2 43. Rc5 Nxb4 44. axb4 Bd1 45. Ne4 Re7
46. Nc3 Bb3 47. Nb1 Re2+ 48. Kf1 Rb2 49. Rc7+ Kg6 50. Nc3 Rc2 0-1

[Event "British Columbia-ch U20"]
[Site "Richmond CAN"]
[Date "2019.11.11"]
[Round "4.5"]
[White "Wang, Jerry"]
[Black "Yang, Henry"]
[Result "1-0"]
[WhiteElo "1693"]
[BlackElo "1547"]
[PlyCount "117"]
[EventDate "2019.11.09"]
[EventType "swiss"]
[EventRounds "5"]
[EventCountry "CAN"]

1. c4 Nf6 2. Nc3 e6 3. g3 d5 4. cxd5 exd5 5. d4 c6 6. Bg2 Bf5 7. Nf3 Be7 8. O-O
h6 9. Re1 O-O 10. Ne5 Nbd7 11. f4 Bb4 12. Bd2 Qb6 13. e3 Bxc3 14. Bxc3 Nxe5 15.
fxe5 Ne4 16. Bxe4 Bxe4 17. Rf1 Rfe8 18. Qh5 Qc7 19. Bb4 Re6 20. Bd6 Qd7 21. Rf4
Bg6 22. Qe2 Rae8 23. h4 Rxd6 24. exd6 Qxd6 25. Re1 Re4 26. Kh2 Qe6 27. Qf3 h5
28. Rxe4 Qxe4 29. Qxe4 Bxe4 30. a4 Bc2 31. a5 a6 32. Rc1 Bd3 33. Kg2 g6 34. Kf3
f6 35. Rc3 Bf1 36. e4 dxe4+ 37. Kxe4 Kf7 38. Rb3 Bb5 39. d5 cxd5+ 40. Kxd5 g5
41. Kd6 gxh4 42. gxh4 Bc6 43. Rg3 Be4 44. Re3 Bc6 45. b4 f5 46. Ke5 Be4 47. Rg3
f4 48. Kxf4 Bc2 49. Rc3 Ba4 50. Rc7+ Ke6 51. Rxb7 Kd5 52. Rc7 Kd6 53. Rc5 Bd1
54. Ke4 Bg4 55. Rg5 Be2 56. Ke3 Bg4 57. Rg6+ Be6 58. Kd4 Ke7 59. Rh6 1-0

[Event "British Columbia-ch U20"]
[Site "Richmond CAN"]
[Date "2019.11.11"]
[Round "4.6"]
[White "Imoo, Joshua"]
[Black "Jiang, Kate"]
[Result "0-1"]
[WhiteElo "1517"]
[BlackElo "1952"]
[PlyCount "82"]
[EventDate "2019.11.09"]
[EventType "swiss"]
[EventRounds "5"]
[EventCountry "CAN"]

1. e4 e5 2. Nf3 Nc6 3. Bc4 Nf6 4. d3 Bc5 5. O-O d6 6. c3 O-O 7. h3 h6 8. Re1
Re8 9. Nbd2 a6 10. Bb3 Be6 11. Bc2 d5 12. exd5 Bxd5 13. Nf1 Qd7 14. Be3 Bd6 15.
Ng3 Rad8 16. Nh4 e4 17. d4 Bxg3 18. fxg3 Ne7 19. Rf1 Qe6 20. Qd2 Nh7 21. g4 Bc4
22. Rf2 c5 23. b3 Bb5 24. c4 cxd4 25. cxb5 dxe3 26. Qxe3 Nd5 27. Qe1 axb5 28.
Re2 Nhf6 29. Nf5 Nf4 30. Re3 N4d5 31. Re2 Qe5 32. Rc1 Nc3 33. Rf2 Nxa2 34. Rb1
Nc3 35. Rc1 b4 36. Qe3 Nfd5 37. Nxh6+ gxh6 38. Qxh6 Qg7 39. Qh5 Re5 40. Qh4 Qg5
41. Qg3 Qxc1+ 0-1

[Event "British Columbia-ch U20"]
[Site "Richmond CAN"]
[Date "2019.11.11"]
[Round "4.7"]
[White "James, Rowan"]
[Black "Qiu, Andrew Yu"]
[Result "1-0"]
[WhiteElo "1951"]
[BlackElo "1681"]
[PlyCount "27"]
[EventDate "2019.11.09"]
[EventType "swiss"]
[EventRounds "5"]
[EventCountry "CAN"]

1. e4 e5 2. Nf3 Nc6 3. Nc3 Nf6 4. a3 a5 5. d4 exd4 6. Nxd4 Be7 7. Be2 O-O 8.
O-O Re8 9. Nf5 Bc5 10. Bg5 d6 11. Nxg7 Kxg7 12. Nd5 Kf8 13. Nxf6 Kg7 14. Nh5+
1-0

[Event "British Columbia-ch U20"]
[Site "Richmond CAN"]
[Date "2019.11.11"]
[Round "4.8"]
[White "Leong, Ryan"]
[Black "Qian, Jessica"]
[Result "1-0"]
[WhiteElo "1872"]
[BlackElo "1614"]
[PlyCount "73"]
[EventDate "2019.11.09"]
[EventType "swiss"]
[EventRounds "5"]
[EventCountry "CAN"]

1. Nf3 d5 2. g3 Nc6 3. c4 Nf6 4. Bg2 e6 5. O-O Bd6 6. d4 O-O 7. Bg5 h6 8. cxd5
exd5 9. Bxf6 Qxf6 10. Nc3 Be6 11. e3 Bb4 12. Nb5 Ba5 13. a3 a6 14. Nc3 Bxc3 15.
bxc3 Rad8 16. Qa4 Bg4 17. Nd2 Be2 18. Rfb1 Bb5 19. Qc2 Na5 20. a4 Bc6 21. Rb4
Qd6 22. Rab1 b5 23. axb5 Bxb5 24. Rxb5 axb5 25. Rxb5 Qa3 26. Nb1 Qa1 27. Rb2
Rb8 28. Rb4 Nc6 29. Bxd5 Nxb4 30. cxb4 Rxb4 31. Be4 Rfb8 32. Qxc7 Rxb1+ 33. Kg2
Rg1+ 34. Kf3 Qd1+ 35. Kf4 g5+ 36. Kf5 Rb5+ 37. Kf6 1-0

[Event "British Columbia-ch U20"]
[Site "Richmond CAN"]
[Date "2019.11.11"]
[Round "4.9"]
[White "Guo, Veronica (Yu Han)"]
[Black "Yang, Jingyun (Ryan)"]
[Result "0-1"]
[WhiteElo "1663"]
[BlackElo "1793"]
[PlyCount "76"]
[EventDate "2019.11.09"]
[EventType "swiss"]
[EventRounds "5"]
[EventCountry "CAN"]

1. e4 e5 2. Nf3 Nc6 3. Bb5 a6 4. Bxc6 dxc6 5. O-O Bd6 6. d4 exd4 7. Qxd4 f6 8.
Be3 Bg4 9. Nbd2 Be7 10. Qc3 Qd7 11. h3 Be6 12. Nb3 O-O-O 13. Nc5 Bxc5 14. Qxc5
b6 15. Qa3 Kb7 16. Qc3 Ne7 17. a4 c5 18. Qa3 Nc6 19. Nd2 Nd4 20. Qd3 Qc6 21.
Kh1 Nb3 22. Qe2 Nxa1 23. Rxa1 c4 24. Ra3 Rd7 25. f3 Rhd8 26. Kh2 Rxd2 27. Bxd2
Qd6+ 28. e5 Qxd2 29. Qe4+ Qd5 30. Qxh7 Qxe5+ 31. f4 Qxf4+ 32. Rg3 Rd2 33. Qxg7
Bd5 34. Kg1 Bxg2 35. Rg4 Rd1+ 36. Kxg2 Rd2+ 37. Kg1 Qh2+ 38. Kf1 Qf2# 0-1

[Event "British Columbia-ch U20"]
[Site "Richmond CAN"]
[Date "2019.11.11"]
[Round "4.10"]
[White "Zheng, Yawen"]
[Black "He, Matthew"]
[Result "0-1"]
[WhiteElo "1372"]
[BlackElo "1850"]
[PlyCount "92"]
[EventDate "2019.11.09"]
[EventType "swiss"]
[EventRounds "5"]
[EventCountry "CAN"]

1. e4 c6 2. d3 d5 3. Nd2 e5 4. Ngf3 Bd6 5. g3 Ne7 6. Bg2 O-O 7. O-O f6 8. Re1
Bg4 9. h3 Bh5 10. g4 Bf7 11. Nf1 d4 12. Ng3 Qc8 13. Nh4 Be6 14. Nhf5 Nxf5 15.
gxf5 Bf7 16. Qg4 Kh8 17. h4 Na6 18. f4 Nb4 19. Re2 Nxa2 20. h5 Nxc1 21. Rxc1
exf4 22. Nf1 h6 23. Nd2 c5 24. Nf3 Be5 25. Nh4 c4 26. Rd1 a5 27. dxc4 Qxc4 28.
Bf1 Qc5 29. Kh1 a4 30. Rg2 Rg8 31. Ng6+ Bxg6 32. hxg6 f3 33. Qxf3 a3 34. bxa3
Rxa3 35. Rd3 Rga8 36. Qf2 b5 37. Rg4 Ra2 38. Rd2 Rc8 39. Bd3 b4 40. Rg2 Rb2 41.
Qf3 Ra8 42. Rge2 Ra1+ 43. Kg2 Rbb1 44. Rf2 Rg1+ 45. Kh3 Rh1+ 46. Kg4 h5# 0-1

[Event "British Columbia-ch U20"]
[Site "Richmond CAN"]
[Date "2019.11.11"]
[Round "5.1"]
[White "Zheng, Victor"]
[Black "Doknjas, Neil"]
[Result "1/2-1/2"]
[WhiteElo "1942"]
[BlackElo "2219"]
[PlyCount "106"]
[EventDate "2019.11.09"]
[EventType "swiss"]
[EventRounds "5"]
[EventCountry "CAN"]

1. Nf3 d5 2. g3 Nf6 3. Bg2 e6 4. O-O Be7 5. d3 O-O 6. Nbd2 b6 7. e4 dxe4 8. Ng5
Bb7 9. Ndxe4 Nxe4 10. Nxe4 Bd5 11. c4 Bc6 12. Qe2 Qd7 13. b3 f5 14. Ng5 Bxg2
15. Kxg2 Bxg5 16. Bxg5 Nc6 17. Bf4 h6 18. Rad1 Nd4 19. Qe5 c5 20. Qc7 Rf7 21.
Qxd7 Rxd7 22. Rfe1 Kf7 23. Be5 Nc2 24. Re2 Nb4 25. Red2 Rad8 26. f4 Nxd3 27.
Bc3 Ne1+ 28. Kf2 Rxd2+ 29. Rxd2 Rxd2+ 30. Bxd2 Nc2 31. Bc3 Nb4 32. a3 Nc2 33.
Ke2 Nd4+ 34. Bxd4 cxd4 35. Kd3 Ke7 36. Kxd4 Kd6 37. b4 g6 38. h3 a5 39. c5+
bxc5+ 40. bxc5+ Kc6 41. a4 g5 42. h4 gxh4 43. gxh4 h5 44. Kc4 Kb7 45. Kb5 Kc7
46. c6 e5 47. fxe5 f4 48. e6 f3 49. e7 f2 50. e8=Q f1=Q+ 51. Kxa5 Qf5+ 52. Kb4
Qf4+ 53. Kc5 Qf8+ 1/2-1/2

[Event "British Columbia-ch U20"]
[Site "Richmond CAN"]
[Date "2019.11.11"]
[Round "5.2"]
[White "Shinn, Jungmin"]
[Black "Zhang, Andy"]
[Result "1-0"]
[WhiteElo "1978"]
[BlackElo "1755"]
[PlyCount "69"]
[EventDate "2019.11.09"]
[EventType "swiss"]
[EventRounds "5"]
[EventCountry "CAN"]

1. Nf3 Nf6 2. c4 g6 3. g3 Bg7 4. Bg2 d6 5. O-O O-O 6. d4 Nbd7 7. Nc3 e5 8. e4
Re8 9. Re1 c6 10. h3 exd4 11. Nxd4 Ne5 12. b3 a5 13. Be3 Qc7 14. Rc1 Rd8 15.
Qe2 Re8 16. a3 Ned7 17. Qc2 Nb6 18. Red1 Nfd7 19. Bf1 Nc5 20. Ndb5 cxb5 21.
Nxb5 Qc6 22. Rxd6 Qxe4 23. Rxb6 Qxc2 24. Rxc2 Bf5 25. Bxc5 Bxc2 26. Nc7 Be4 27.
Nxa8 Rxa8 28. Bg2 Bxg2 29. Kxg2 Rc8 30. Be3 a4 31. Rxb7 axb3 32. Rxb3 f5 33. c5
Bf8 34. a4 Bxc5 35. Rc3 1-0

[Event "British Columbia-ch U20"]
[Site "Richmond CAN"]
[Date "2019.11.11"]
[Round "5.3"]
[White "Wang, Alex Jiale"]
[Black "Wang, Jerry"]
[Result "1/2-1/2"]
[WhiteElo "1756"]
[BlackElo "1693"]
[PlyCount "87"]
[EventDate "2019.11.09"]
[EventType "swiss"]
[EventRounds "5"]
[EventCountry "CAN"]

1. d4 Nf6 2. c4 d5 3. Nc3 c6 4. Nf3 Bg4 5. Bf4 e6 6. e3 Nbd7 7. Be2 dxc4 8.
Bxc4 Nb6 9. Be2 Bd6 10. Bxd6 Qxd6 11. O-O O-O 12. Ne5 Bxe2 13. Qxe2 Nfd5 14. e4
Nf4 15. Qe3 Ng6 16. f4 f6 17. Nxg6 hxg6 18. Rad1 Nc4 19. Qe2 Qb4 20. Rf3 Nxb2
21. a3 Qxa3 22. Nd5 Qd6 23. Nxf6+ gxf6 24. Qxb2 b6 25. Qc2 f5 26. Rg3 Kf7 27.
exf5 exf5 28. Qc4+ Qd5 29. Qc2 Rfe8 30. h4 Re4 31. h5 Rg8 32. Qf2 Qd6 33. Qa2+
Kf8 34. Qxa7 Qxf4 35. Qa3+ Kf7 36. Qb3+ Kf8 37. Ra1 Re8 38. Qd3 Rd8 39. hxg6
Qxd4+ 40. Qxd4 Rxd4 41. g7+ Ke7 42. Rg6 Rd7 43. Rxc6 Rxg7 44. Rxb6 1/2-1/2

[Event "British Columbia-ch U20"]
[Site "Richmond CAN"]
[Date "2019.11.11"]
[Round "5.4"]
[White "Jiang, Kate"]
[Black "Taylor, Ashton"]
[Result "1-0"]
[WhiteElo "1952"]
[BlackElo "1822"]
[PlyCount "95"]
[EventDate "2019.11.09"]
[EventType "swiss"]
[EventRounds "5"]
[EventCountry "CAN"]

1. e4 d6 2. d4 Nf6 3. Nc3 e5 4. dxe5 dxe5 5. Qxd8+ Kxd8 6. Bc4 Be6 7. Bxe6 fxe6
8. Nf3 Nbd7 9. Ng5 Bb4 10. Nf7+ Ke7 11. Nxh8 Nxe4 12. Bd2 Nxd2 13. Kxd2 Nf6 14.
Ke2 Rxh8 15. Nd1 Nd5 16. g3 Rf8 17. Ne3 Nxe3 18. fxe3 e4 19. Rhf1 Rf5 20. Rad1
Rh5 21. Rf2 Bd6 22. Rdf1 Kd7 23. Rf7+ Kc6 24. R7f2 Rb5 25. b3 Ra5 26. a4 Rc5
27. Kd2 Rd5+ 28. Kc1 Bb4 29. Re2 Bc3 30. Rf4 b5 31. axb5+ Rxb5 32. Rxe4 Rf5 33.
Rc4+ Rc5 34. Rxc5+ Kxc5 35. Rf2 Bf6 36. Kd2 Kd5 37. Kd3 c5 38. Rf4 Kc6 39. Re4
e5 40. Ra4 Kb6 41. Kc4 Bg5 42. Kd3 a5 43. h4 Bf6 44. Kc4 h6 45. Kd5 Kb5 46. Rc4
g5 47. Rxc5+ Kb4 48. Rc4+ 1-0

[Event "British Columbia-ch U20"]
[Site "Richmond CAN"]
[Date "2019.11.11"]
[Round "5.5"]
[White "James, Rowan"]
[Black "Chung, Alec"]
[Result "1/2-1/2"]
[WhiteElo "1951"]
[BlackElo "1814"]
[PlyCount "110"]
[EventDate "2019.11.09"]
[EventType "swiss"]
[EventRounds "5"]
[EventCountry "CAN"]

1. e4 c5 2. Nf3 d6 3. Bb5+ Bd7 4. Bxd7+ Nxd7 5. d4 cxd4 6. Qxd4 Ngf6 7. O-O e5
8. Qe3 Be7 9. c4 Qb6 10. Qe2 Rc8 11. b3 O-O 12. Nc3 Nc5 13. Rd1 Qc6 14. Bg5
Ncd7 15. Nd5 Rfe8 16. Bxf6 Nxf6 17. Nxf6+ Bxf6 18. Nd2 Bd8 19. Qd3 Bb6 20. Nf1
Re6 21. Ne3 Bxe3 22. Qxe3 Qc5 23. Qe2 Qb6 24. Rd5 Rc5 25. Rad1 h6 26. g3 a6 27.
Kg2 Rf6 28. R1d3 Kf8 29. Qe3 Rc6 30. Qd2 Ke7 31. Rc3 Re6 32. a3 Qc7 33. Qc2 b5
34. c5 dxc5 35. Rdxc5 Rxc5 36. Rxc5 Qd6 37. Rc7+ Kf6 38. Qc3 Kg6 39. b4 Rf6 40.
Rc5 Re6 41. Rd5 Qe7 42. Qf3 Qf6 43. Qg4+ Qg5 44. Qf3 Qf6 45. Qd1 Kh7 46. Rd7
Qg6 47. Qd3 Qf6 48. f3 Rc6 49. Rd5 Re6 50. f4 exf4 51. e5+ Qg6 52. Qxg6+ Rxg6
53. Rd7 Kg8 54. Rd8+ Kh7 55. Rd7 Kg8 1/2-1/2

[Event "British Columbia-ch U20"]
[Site "Richmond CAN"]
[Date "2019.11.11"]
[Round "5.6"]
[White "Yang, Jingyun (Ryan)"]
[Black "Leong, Ryan"]
[Result "1-0"]
[WhiteElo "1793"]
[BlackElo "1872"]
[PlyCount "73"]
[EventDate "2019.11.09"]
[EventType "swiss"]
[EventRounds "5"]
[EventCountry "CAN"]

1. d4 Nf6 2. Nf3 e6 3. c4 d5 4. Nc3 Be7 5. e3 O-O 6. Be2 c6 7. O-O Nbd7 8. Qc2
a6 9. Bd2 b5 10. c5 Qc7 11. e4 Nxe4 12. Nxe4 dxe4 13. Qxe4 Nf6 14. Qe5 Qa7 15.
b4 Rd8 16. a4 Rd5 17. Qg3 Ne4 18. Qf4 Nxd2 19. Qxd2 Qd7 20. Rfd1 Bf6 21. Qf4
Bb7 22. Ne5 Bxe5 23. dxe5 Rd8 24. h3 Qc7 25. axb5 cxb5 26. Rxd5 Rxd5 27. Bf3
Rxe5 28. Bxb7 Re1+ 29. Rxe1 Qxf4 30. c6 Qxb4 31. Rd1 Qe7 32. Rd7 Qg5 33. c7
Qc1+ 34. Kh2 Qf4+ 35. g3 Qxf2+ 36. Bg2 Qxg3+ 37. Kxg3 1-0

[Event "British Columbia-ch U20"]
[Site "Richmond CAN"]
[Date "2019.11.11"]
[Round "5.7"]
[White "He, Matthew"]
[Black "Mok, Gillian"]
[Result "1-0"]
[WhiteElo "1850"]
[BlackElo "1605"]
[PlyCount "93"]
[EventDate "2019.11.09"]
[EventType "swiss"]
[EventRounds "5"]
[EventCountry "CAN"]

1. d4 Nf6 2. Nf3 g6 3. Bf4 Bg7 4. h3 d6 5. e3 Nc6 6. Be2 Bd7 7. O-O O-O 8. c3
a6 9. a4 Nd5 10. Bh2 e6 11. a5 Nce7 12. Nbd2 c5 13. Nc4 cxd4 14. exd4 Nc8 15.
Nxd6 Nxd6 16. Bxd6 Ba4 17. Qxa4 Qxd6 18. Rfe1 Rab8 19. Ne5 Bxe5 20. dxe5 Qxe5
21. Bxa6 Qg5 22. Bf1 Rfd8 23. Rad1 Nf4 24. g3 Nh5 25. Bg2 Rxd1 26. Rxd1 Qc5 27.
Rd3 Qf5 28. Bf1 Nf6 29. b4 Rc8 30. Qc2 Ne4 31. c4 Ng5 32. Qd1 Rf8 33. Rd7 Qe4
34. Bg2 Qxc4 35. Rxb7 Qa6 36. Rb6 Qc8 37. b5 Rd8 38. Rd6 Rxd6 39. Qxd6 f6 40.
Bc6 Nxh3+ 41. Kg2 e5 42. Qd7 Qxd7 43. Bxd7 Ng5 44. a6 Nf7 45. Be6 Kf8 46. Bxf7
Kxf7 47. a7 1-0

[Event "British Columbia-ch U20"]
[Site "Richmond CAN"]
[Date "2019.11.11"]
[Round "5.8"]
[White "Yang, Henry"]
[Black "Gu, Chuyang"]
[Result "0-1"]
[WhiteElo "1547"]
[BlackElo "1795"]
[PlyCount "40"]
[EventDate "2019.11.09"]
[EventType "swiss"]
[EventRounds "5"]
[EventCountry "CAN"]

1. d4 Nf6 2. c4 e6 3. g3 d5 4. Nf3 Be7 5. Bg2 O-O 6. O-O c5 7. cxd5 exd5 8. Nc3
Nc6 9. h3 Bf5 10. Be3 c4 11. Ne5 Qc7 12. Nxd5 Nxd5 13. Bxd5 Nxe5 14. dxe5 Qxe5
15. Bxc4 Bxh3 16. Re1 Bb4 17. Bd4 Qe4 18. f3 Qg6 19. Kh2 Bxe1 20. Qxe1 Be6 0-1